Using SQL (Record no. 20138)
[ view plain ]
| 000 -LEADER | |
|---|---|
| fixed length control field | 00372nam a22001577a 4500 |
| 008 - FIXED-LENGTH DATA ELEMENTS--GENERAL INFORMATION | |
| fixed length control field | 230915b |||||||| |||| 00| 0 eng d |
| 020 ## - INTERNATIONAL STANDARD BOOK NUMBER | |
| ISBN | 0-07-881524-X105.32 |
| 082 ## - DEWEY DECIMAL CLASSIFICATION NUMBER | |
| Classification number | 105.21 |
| 100 ## - MAIN ENTRY--AUTHOR NAME | |
| Personal name | J R Jaffer |
| 245 ## - TITLE STATEMENT | |
| Title | Using SQL |
| Statement of responsibility, etc | J R Jaffer |
| 260 ## - PUBLICATION, DISTRIBUTION, ETC. (IMPRINT) | |
| Place of publication | New Delhi |
| Name of publisher | TMH New Delhi |
| Year of publication | 1996 |
| 300 ## - PHYSICAL DESCRIPTION | |
| Number of Pages | 666 |
| 650 ## - SUBJECT ADDED ENTRY--TOPICAL TERM | |
| Topical Term | BBCSE |
| 796 ## - LOCAL ADDED ENTRY--PERSONAL NAME (RLIN) | |
| Personal name | J R Jaffer |
| 942 ## - ADDED ENTRY ELEMENTS (KOHA) | |
| Source of classification or shelving scheme | Dewey Decimal Classification |
| Koha item type | Books |
No items available.